| 000 | 00529nam a22001817a 4500 | ||
|---|---|---|---|
| 003 | 0 | ||
| 005 | 20160609165230.0 | ||
| 008 | 091203t xxu||||| |||| 00| 0 eng d | ||
| 037 | _aM15356 | ||
| 040 |
_aEPAC _bF _cBIBLIO EPAC |
||
| 082 | _a27.APE/DEG | ||
| 100 |
_aChimène F. F. Dégila _92392 |
||
| 245 | _aElevage en masse de diopsis spp. et criblage artificiel des variétés de riz pour la résistance | ||
| 260 |
_aUAC _bEPAC _c2007-2008 |
||
| 300 |
_aIII-51p _c29cm |
||
| 650 |
_aGENIE ENVIRONNEMENT _92393 |
||
| 942 | _cTHE | ||
| 999 |
_c46596 _d46596 |
||